Statystyki dla Elektorzy Rzeszy

Kliknij tutaj aby rozwiązać quiz!

Ogólne statystyki

  • Ten quiz został rozwiązany 6 razy
  • Średni wynik to 7 z 9

Statystyki odpowiedzi

Kolegium elektorskie Rzeszy% Poprawnych
król Czech
100%
książę Bawarii
100%
książę Saksonii
100%
arcybiskup Kolonii
80%
arcybiskup Moguncji
80%
arcybiskup Trewiru
80%
książę Hanoweru
80%
margrabia Brandenburgii
60%
palatyn reński
60%

Rozkład punktacji

Percentyl według liczby udzielonych odpowiedzi

Procent ludzi z każdym wynikiem

Twoja historia wyników

Nie rozwiązałeś tego quizu